<?xml version="1.0" encoding="UTF-8"?>
<record
    xmlns:xsi="http://www.w3.org/2001/XMLSchema-instance"
    xsi:schemaLocation="http://www.loc.gov/MARC21/slim http://www.loc.gov/standards/marcxml/schema/MARC21slim.xsd"
    xmlns="http://www.loc.gov/MARC21/slim">

  <leader>00365nam a22001337a 4500</leader>
  <controlfield tag="003">PILC</controlfield>
  <controlfield tag="005">20150902074437.0</controlfield>
  <controlfield tag="008">150902b        xxu||||| |||| 00| 0 eng d</controlfield>
  <datafield tag="050" ind1=" " ind2=" ">
    <subfield code="a">ND 1535</subfield>
    <subfield code="b">.Ac187 1997</subfield>
  </datafield>
  <datafield tag="245" ind1=" " ind2=" ">
    <subfield code="a">Acrylic colour :</subfield>
    <subfield code="b">hints, tips &amp; techniques /</subfield>
  </datafield>
  <datafield tag="260" ind1=" " ind2=" ">
    <subfield code="a">England :</subfield>
    <subfield code="b">WInsor &amp; Newton,</subfield>
    <subfield code="c">1997.</subfield>
  </datafield>
  <datafield tag="650" ind1=" " ind2=" ">
    <subfield code="a">Acrylic color.</subfield>
  </datafield>
  <datafield tag="942" ind1=" " ind2=" ">
    <subfield code="2">lcc</subfield>
    <subfield code="c">BK</subfield>
    <subfield code="k">FOR</subfield>
  </datafield>
  <datafield tag="999" ind1=" " ind2=" ">
    <subfield code="c">288568</subfield>
    <subfield code="d">288568</subfield>
  </datafield>
  <datafield tag="952" ind1=" " ind2=" ">
    <subfield code="0">0</subfield>
    <subfield code="1">0</subfield>
    <subfield code="2">lcc</subfield>
    <subfield code="4">0</subfield>
    <subfield code="a">CL</subfield>
    <subfield code="b">CL</subfield>
    <subfield code="c">GC</subfield>
    <subfield code="d">2015-09-02</subfield>
    <subfield code="e">DONATION</subfield>
    <subfield code="k">GC</subfield>
    <subfield code="l">0</subfield>
    <subfield code="o">ND 1535 .Ac187 1997</subfield>
    <subfield code="p">C19876</subfield>
    <subfield code="r">2018-05-15 00:00:00</subfield>
    <subfield code="w">2015-09-02</subfield>
    <subfield code="y">BK</subfield>
  </datafield>
</record>
